Price prospects for major primary commodities, 1990-2005. 2 V (Record no. 40520)
[ view plain ]
| 000 -LEADER | |
|---|---|
| fixed length control field | 00616nam a2200181Ia 4500 |
| 082 ## - DEWEY DECIMAL CLASSIFICATION NUMBER | |
| Classification number | 330.133:338.5 |
| Item number | WOR |
| 245 #0 - TITLE STATEMENT | |
| Title | Price prospects for major primary commodities, 1990-2005. 2 V |
| 260 ## - PUBLICATION, DISTRIBUTION, ETC. (IMPRINT) | |
| Place of publication | Washington |
| Name of publisher | World Bank |
| Year of publication | 1993 |
| 505 ## - FORMATTED CONTENTS NOTE | |
| Formatted contents note | V 1.. Summary, energy, metals and minerals. V 2.. Agricultural products fertilizers, tropical timber |
| 650 ## - SUBJECT ADDED ENTRY--TOPICAL TERM | |
| Topical Term | cocoa products |
| 650 ## - SUBJECT ADDED ENTRY--TOPICAL TERM | |
| Topical Term | energy commodity market |
| 650 ## - SUBJECT ADDED ENTRY--TOPICAL TERM | |
| Topical Term | Futures trading |
| 650 ## - SUBJECT ADDED ENTRY--TOPICAL TERM | |
| Topical Term | Metals commodity market |
| 650 ## - SUBJECT ADDED ENTRY--TOPICAL TERM | |
| Topical Term | Minerals commodity market |
| 650 ## - SUBJECT ADDED ENTRY--TOPICAL TERM | |
| Topical Term | Rubber trade |
| 942 ## - ADDED ENTRY ELEMENTS (KOHA) | |
| Koha item type | Books |
| Withdrawn status | Lost status | Damaged status | Not for loan | Home library | Current library | Date acquired | Cost, normal purchase price | Full call number | Accession Number | Koha item type |
|---|---|---|---|---|---|---|---|---|---|---|
| RRII Library | RRII Library | 16/12/2021 | 275.00 | 330.133:338.5 WOR | 20819 | Books |